000 00382nam a22001697a 4500
003 MPLRDC
005 20220104124130.0
008 210129b ||||| |||| 00| 0 eng d
082 _a857.7 HX-7
100 _a海辛
245 _a对岸
_c
250 _a初版
260 _a
_b香港中流出版社
_c1976
300 _b
650 _a长篇小说
942 _cBK
_o857.7 HX-7
999 _c16889
_d16879